| 000 | 01397nam0a22002771 4500 | ||
|---|---|---|---|
| 001 | rc\4884384 | ||
| 005 | 20260406135736.0 | ||
| 021 |
_aRU _b[60-54549] |
||
| 035 | _a(NLR Aleph) 008918292 | ||
| 090 |
_a8807814 _c8807814 |
||
| 100 | _a20130426d1960 |||y0rusy50 ca | ||
| 101 | 0 | _arus | |
| 102 | _aRU | ||
| 105 | _aa z ||||| | ||
| 200 | 1 |
_aЭкономическая оценка земель в Казахской ССР _e(Тезисы выступлений на научно-технической конференции) _fКаз. правл. Науч.-техн. о-ва сел. и лесного хозяйства |
|
| 210 |
_aАлма-Ата _cБ. и. _d1960 |
||
| 215 |
_a52 с., 1 л. табл. _d20 |
||
| 606 |
_aЗемли _xОценка _jТезисы докладов _2psbo |
||
| 606 |
_aПочвы _yКазахская ССР _jТезисы докладов _2psbo |
||
| 712 | 0 | 2 |
_aНаучно-техническое о-во сельского и лесного хозяйства _cМосква _bКазахское респ. правление _3RU\NLR\AUTH\889918732 _9333590 |
| 712 | 0 | 2 | _aНаучно-техническая конференция, посвящ. вопросам экон. оценки земель в Казахстане (1960; Алма-Ата) |
| 801 | 0 |
_aRU _bNLR _gpsbo |
|
| 801 | 1 |
_aRU _bELAR _2rusmarc |
|
| 852 |
_aNLR _j60-4/10273 |
||
| 942 | _cBOOK | ||
| 980 | _aNB | ||